000
00332nam a2200145Ia 4500
008
150201s2008 xx 000 0 und d
082
_a
612.015
_b
M2008S
100
_a
SHARMA,D.C
245
_a
MCQS IN BIOCHEMISTRY
250
_a
1ST
260
_b
AITBS
_a
DELHI
_c
2008
300
_a
1-220
650
_a
BIOCHEMISTRY
942
_2
ddc
_c
BK
999
_c
3887
_d
3887